000 00703nam a2200265Ia 4500
008 170711s9999 xx 000 0 und d
020 _a9711055570
050 _a519
050 _bW219 1993
100 _aWalpole, Ronald
245 _aProbability and statistics for engineers and scientists /
245 _cRonald Walpole.
250 _aFifth edition
260 _aUSA :
260 _bMacmillan Publishing Corp.,
260 _c1993
300 _axiv, 766 pages :
300 _billustrations ;
300 _c24cm.
650 _aEngineering --
650 _aProbability and applied mathematics.
650 _xStatistical methods.
700 _aMyers, Raymond H.
700 _aTitle.
999 _c339589
_d339589